[Event "SF Deizisau 2 - SV Jedesheim"]
[Site "?"]
[Date "2023.03.05"]
[Round "7.2"]
[White "Dabo-Peranic, Robert"]
[Black "Atlas, Valery"]
[Result "1-0"]
[WhiteElo "2310"]
[BlackElo "2408"]
[PlyCount "179"]
[EventDate "2023.??.??"]

1. e4 c5 2. c3 Nf6 3. e5 Nd5 4. d4 cxd4 5. cxd4 d6 6. Nf3 Nc6 7. Bc4 e6 8. Bd2
Be7 9. Nc3 Nxc3 10. Bxc3 O-O 11. Qe2 a5 12. a3 b6 13. Bd3 d5 14. Rc1 Nb8 15.
Qc2 h6 16. Qd2 Nd7 17. Bb1 Re8 18. O-O Ba6 19. Rfe1 Nf8 20. g3 Bc4 21. h4 b5
22. Nh2 Qb6 23. b4 axb4 24. Bxb4 Rxa3 25. Bxa3 Bxa3 26. Rcd1 Ra8 27. Re3 Qa5
28. Qxa5 Rxa5 29. Nf3 Nd7 30. h5 Be7 31. Nd2 b4 32. Bc2 Nb6 33. Bb3 Bb5 34. Rc1
Ra7 35. Ree1 g6 36. hxg6 fxg6 37. Rc2 Kf7 38. Rec1 Bd8 39. Rc5 Bd7 40. R1c2 Ke8
41. f4 h5 42. Rb2 Be7 43. Rcc2 Ra1+ 44. Kf2 h4 45. Ra2 hxg3+ 46. Kxg3 Rh1 47.
Nf3 Rb1 48. Rcb2 Rxb2 49. Rxb2 Nc4 50. Rh2 Ne3 51. Rh8+ Kf7 52. Rh7+ Ke8 53.
Rh8+ Kf7 54. Rb8 Nf5+ 55. Kf2 Bc6 56. Bc2 Bd7 57. Ke2 Bc6 58. Kd2 Bd7 59. Bd3
Bc6 60. Rb6 Bd7 61. Rb7 Ke8 62. Rb8+ Kf7 63. Rb6 Ba4 64. Bxf5 gxf5 65. Ng5+
Bxg5 66. fxg5 Kg6 67. Rxe6+ Kxg5 68. Rb6 Bb3 69. Rxb4 Bc4 70. Rb6 f4 71. Rf6
Bb5 72. Rf8 Bd7 73. Ke2 Bg4+ 74. Kf2 Bd7 75. Kg2 Be6 76. Rf6 Bf5 77. Rd6 Be4+
78. Kf2 Kf5 79. Rf6+ Kg5 80. Rf7 Bf5 81. Rb7 Be6 82. Rb6 Bf5 83. e6 Kf6 84. Kf3
Bxe6 85. Kxf4 Ke7 86. Ke5 Bf7 87. Rb7+ Ke8 88. Kd6 Kf8 89. Rxf7+ Kxf7 90. Kxd5
1-0

[Event "SF Deizisau 2 - SV Jedesheim"]
[Site "?"]
[Date "2023.03.05"]
[Round "7.3"]
[White "Heidenfeld, Mark"]
[Black "Belenkaya, Dina"]
[Result "0-1"]
[WhiteElo "2340"]
[BlackElo "2300"]
[PlyCount "48"]
[EventDate "2023.??.??"]

1. e4 c6 2. d4 d5 3. e5 Bf5 4. Ne2 e6 5. Ng3 Bg6 6. h4 h5 7. Be2 c5 8. c3 Nc6
9. Bxh5 Bxh5 10. Nxh5 cxd4 11. cxd4 g6 12. Nf4 Rxh4 13. O-O Nge7 14. g3 Rh7 15.
Na3 Nf5 16. Nc2 Be7 17. Kg2 Kd7 18. Rh1 Rxh1 19. Kxh1 Qh8+ 20. Kg2 Qh7 21. Be3
g5 22. Nh5 g4 23. Qxg4 Rg8 24. Qh3 Nh4+ 0-1

[Event "SF Deizisau 2 - SV Jedesheim"]
[Site "?"]
[Date "2023.03.05"]
[Round "7.4"]
[White "Bronznik, Valerij"]
[Black "Atlas, Dmitry"]
[Result "1-0"]
[WhiteElo "2274"]
[BlackElo "2221"]
[PlyCount "55"]
[EventDate "2023.??.??"]

1. d4 d5 2. c4 c6 3. cxd5 cxd5 4. Bf4 Nc6 5. e3 Nf6 6. Nc3 e6 7. Bd3 Bd6 8.
Bxd6 Qxd6 9. f4 a6 10. Nf3 b5 11. O-O Bb7 12. Ne5 Rc8 13. Rc1 O-O 14. a4 b4 15.
Nb1 Ne4 16. Nd2 Nxd2 17. Qxd2 Na5 18. Qe2 f5 19. Qf3 Nb3 20. Rxc8 Bxc8 21. Qd1
Na5 22. Qc2 Bb7 23. Rc1 h6 24. Qc5 Qxc5 25. Rxc5 Nb3 26. Rc7 Ba8 27. Bxa6 Nd2
28. Bc8 1-0

[Event "SF Deizisau 2 - SV Jedesheim"]
[Site "?"]
[Date "2023.03.05"]
[Round "7.5"]
[White "Anistratov, Dmitriy"]
[Black "Koellner, Aaron Noah"]
[Result "1-0"]
[WhiteElo "2238"]
[BlackElo "2148"]
[PlyCount "119"]
[EventDate "2023.??.??"]

1. Nf3 Nf6 2. g3 d5 3. Bg2 c6 4. O-O g6 5. d4 Bg7 6. c3 O-O 7. a4 a5 8. Qb3
Nbd7 9. Nbd2 h6 10. Re1 Qc7 11. e4 dxe4 12. Nxe4 Nxe4 13. Rxe4 e5 14. Re1 exd4
15. Bf4 Qb6 16. Qxb6 Nxb6 17. Nxd4 Bxd4 18. cxd4 Be6 19. Bxh6 Rfd8 20. Be3 Rd7
21. h4 Re8 22. Bf3 Nc4 23. Re2 Bd5 24. Bxd5 Rxd5 25. b3 Nxe3 26. Rxe3 Red8 27.
Re7 R8d7 28. Rxd7 Rxd7 29. Rd1 Rd5 30. Kg2 f5 31. Kf3 c5 32. Ke3 Kf7 33. Rd3
Ke6 34. dxc5 Rxc5 35. Kf4 Rc6 36. f3 Kf6 37. Rd5 b6 38. Rd8 Ke7 39. Rg8 Kf7 40.
Rb8 Kf6 41. g4 Rd6 42. g5+ Ke6 43. Ke3 Ke5 44. Re8+ Kd5 45. h5 gxh5 46. Kf4 Re6
47. Rxe6 Kxe6 48. Kg3 Kf7 49. Kh4 Kg6 50. f4 Kg7 51. Kxh5 Kh7 52. g6+ Kg7 53.
Kg5 Kg8 54. Kxf5 Kg7 55. Kg5 Kg8 56. Kf6 Kf8 57. f5 Kg8 58. Ke7 b5 59. axb5 a4
60. bxa4 1-0

[Event "SF Deizisau 2 - SV Jedesheim"]
[Site "?"]
[Date "2023.03.05"]
[Round "7.6"]
[White "Ruf, Matthias"]
[Black "Bossinger, Patrick"]
[Result "1-0"]
[WhiteElo "2319"]
[BlackElo "2003"]
[PlyCount "111"]
[EventDate "2023.??.??"]

1. c4 Nf6 2. g3 c5 3. Bg2 g6 4. Nc3 Bg7 5. e3 O-O 6. Nge2 d6 7. O-O Nc6 8. d4
cxd4 9. Nxd4 Nxd4 10. exd4 Qa5 11. h3 Re8 12. Be3 Be6 13. d5 Bd7 14. Qb3 Rec8
15. Rfc1 Qd8 16. a4 Be8 17. a5 Nd7 18. Bf1 Ne5 19. Kg2 Nd7 20. Qd1 Nf6 21. Kh2
h5 22. b4 Bd7 23. c5 dxc5 24. bxc5 Bf5 25. Ra4 Bd7 26. Ra2 Bf5 27. Bg2 Ne8 28.
Qb3 Be5 29. Qxb7 Rab8 30. Qa6 h4 31. f4 hxg3+ 32. Kxg3 Bxc3 33. Rxc3 Nf6 34.
Qc4 Rb1 35. Kh2 Rcb8 36. c6 Qc7 37. Bc1 R8b4 38. Qf1 Nh5 39. Rc4 R4b3 40. d6
exd6 41. Rd2 Be6 42. Rcc2 d5 43. Rd4 Rg3 44. Qe1 Qc8 45. c7 Rbb3 46. f5 Bxf5
47. Rxd5 Rgd3 48. Qe5 Rxd5 49. Qxd5 Rd3 50. Qb7 Kh7 51. a6 Qe6 52. Bf4 Nxf4 53.
c8=Q Qe1 54. Qxf7+ Kh6 55. Qh8+ Kg5 56. Qff6# 1-0

[Event "SF Deizisau 2 - SV Jedesheim"]
[Site "?"]
[Date "2023.03.05"]
[Round "7.7"]
[White "Buechele, Johannes"]
[Black "Gustain, Marc"]
[Result "0-1"]
[WhiteElo "1915"]
[BlackElo "2173"]
[PlyCount "38"]
[EventDate "2023.??.??"]

1. d4 d5 2. c4 dxc4 3. e3 e5 4. Bxc4 Nc6 5. Nf3 e4 6. Nfd2 Qg5 7. Nxe4 Qxg2 8.
Ng3 Nf6 9. Bf1 Qd5 10. Nc3 Bb4 11. Bd2 Bxc3 12. bxc3 O-O 13. c4 Qd6 14. Bg2 Bg4
15. Qb3 h5 16. h3 h4 17. hxg4 hxg3 18. f3 Nxd4 19. Qd3 Nxf3+ 0-1

[Event "SF Deizisau 2 - SV Jedesheim"]
[Site "?"]
[Date "2023.03.05"]
[Round "7.8"]
[White "Koellner, Christof"]
[Black "Jaskulski, Jan"]
[Result "1-0"]
[WhiteElo "2075"]
[BlackElo "1983"]
[PlyCount "35"]
[EventDate "2023.??.??"]

1. d4 Nf6 2. Nf3 g6 3. Nbd2 d5 4. e3 Bg7 5. b4 O-O 6. c4 a5 7. b5 c5 8. dxc5
Nfd7 9. Ba3 Bxa1 10. Qxa1 dxc4 11. Bxc4 Nf6 12. O-O Bf5 13. Nd4 Be4 14. Nxe4
Nxe4 15. Rd1 Qc7 16. Ne6 fxe6 17. Bxe6+ Rf7 18. b6 1-0

[Event "Stuttgarter SF 2 - TG Biberach"]
[Site "?"]
[Date "2023.03.05"]
[Round "7.1"]
[White "Sinz, Bernhard"]
[Black "Brueckner, Thomas"]
[Result "1/2-1/2"]
[WhiteElo "2312"]
[BlackElo "2356"]
[PlyCount "64"]
[EventDate "2023.??.??"]

1. e4 e5 2. Nf3 Nc6 3. d4 exd4 4. Bc4 Nf6 5. e5 Ne4 6. Qe2 Nc5 7. c3 d3 8. Qe3
Be7 9. O-O O-O 10. b4 Ne6 11. Rd1 d6 12. Bxd3 Bd7 13. Qe4 g6 14. Bh6 Re8 15.
Bc4 Ng5 16. Bxg5 Bxg5 17. Na3 Bf6 18. Bb3 Nxe5 19. Nxe5 Bxe5 20. Qxb7 a5 21.
bxa5 Rxa5 22. Nc4 Rc5 23. Nxe5 Rexe5 24. Qf3 Rf5 25. Qd3 Bc6 26. Re1 Rg5 27. f3
Qf6 28. Re3 Rcf5 29. Rf1 h5 30. Qd4 Qxd4 31. cxd4 Rf4 32. Rc3 Bd5 1/2-1/2

[Event "Stuttgarter SF 2 - TG Biberach"]
[Site "?"]
[Date "2023.03.05"]
[Round "7.2"]
[White "Migl, Dieter"]
[Black "Oberst, Thomas"]
[Result "0-1"]
[WhiteElo "2094"]
[BlackElo "2252"]
[PlyCount "69"]
[EventDate "2023.??.??"]

1. e4 c5 2. Nf3 Nc6 3. Bb5 Na5 4. O-O a6 5. Be2 d6 6. d4 cxd4 7. Nxd4 Nf6 8.
Nc3 b5 9. Bf3 Bb7 10. a4 e5 11. Nf5 b4 12. Nd5 Nxd5 13. exd5 Bc8 14. Ne3 f5 15.
Re1 Be7 16. c3 bxc3 17. b4 Nb7 18. a5 Qc7 19. Be2 O-O 20. Nc4 f4 21. Nb6 Ra7
22. Nxc8 Qxc8 23. Qc2 Nd8 24. Ra3 Nf7 25. Rxc3 Qb7 26. Qb3 Rb8 27. Bd2 Bd8 28.
Rb1 g5 29. Qa4 Qxd5 30. Rd1 Qe4 31. Bf3 Qf5 32. Bd5 Bf6 33. Rdc1 e4 34. Rc7
Rxc7 35. Rxc7 0-1

[Event "Stuttgarter SF 2 - TG Biberach"]
[Site "?"]
[Date "2023.03.05"]
[Round "7.3"]
[White "Fischer, Andre"]
[Black "Gabriel, Robert"]
[Result "0-1"]
[WhiteElo "2270"]
[BlackElo "2188"]
[PlyCount "74"]
[EventDate "2023.??.??"]

1. e4 c5 2. Nf3 e6 3. d4 cxd4 4. Nxd4 Nf6 5. Nc3 Nc6 6. Ndb5 Bb4 7. a3 Bxc3+ 8.
Nxc3 d5 9. exd5 exd5 10. Bd3 d4 11. Ne4 Bf5 12. Nxf6+ Qxf6 13. O-O O-O 14. b3
Rfd8 15. Bb2 Rac8 16. Re1 Qg6 17. f4 Bxd3 18. cxd3 a5 19. Qd2 Qd6 20. Rac1 Qd5
21. Qd1 f5 22. a4 Re8 23. Rc4 h6 24. Qd2 Kf7 25. Rec1 Re6 26. Rc5 Qxb3 27.
Rxf5+ Kg8 28. Qc2 Qxc2 29. Rxc2 Rce8 30. Rb5 Nb4 31. Rd2 Re1+ 32. Kf2 R1e3 33.
Bxd4 Nxd3+ 34. Rxd3 Rxd3 35. Be5 Rc8 36. Ke2 Ra3 37. Rxb7 Rc2+ 0-1

[Event "Stuttgarter SF 2 - TG Biberach"]
[Site "?"]
[Date "2023.03.05"]
[Round "7.4"]
[White "Maeurer, Christoph"]
[Black "Wunder, Niklas"]
[Result "1-0"]
[WhiteElo "2247"]
[BlackElo "2086"]
[PlyCount "137"]
[EventDate "2023.??.??"]

1. Nf3 d5 2. g3 g6 3. c4 dxc4 4. Qa4+ Nc6 5. Qxc4 Bg7 6. Bg2 h6 7. O-O e5 8. d3
Nge7 9. Nbd2 O-O 10. a3 Be6 11. Qc2 Qc8 12. e3 Bh3 13. Rb1 Bxg2 14. Kxg2 Rd8
15. Ne4 b6 16. b4 Qe6 17. Bb2 Rac8 18. Rfd1 a5 19. b5 Na7 20. Ba1 c6 21. bxc6
Rxc6 22. Qa4 f5 23. Nc3 Rdc8 24. Nb5 Nxb5 25. Qxb5 Nd5 26. Qb3 Nc3 27. Bxc3
Qxb3 28. Rxb3 Rxc3 29. Rxb6 Kf7 30. Rb5 Rxa3 31. Nxe5+ Bxe5 32. Rxe5 Ra8 33. d4
Rb3 34. Rc1 Rb7 35. Rc3 a4 36. Ra3 h5 37. h4 Kf6 38. Kf3 Ra6 39. Rc5 Rb4 40.
Rc2 Ke6 41. Ke2 Kd5 42. Rc5+ Kd6 43. Kd3 Rb2 44. Rc2 Rxc2 45. Kxc2 Kc6 46. Rc3+
Kb5 47. Kb2 Kb4 48. Rc8 Rb6 49. Rc5 Ra6 50. Ka2 Rb6 51. Rc2 Ka5 52. Rd2 Rc6 53.
d5 Rd6 54. f3 Kb4 55. e4 fxe4 56. fxe4 Kc5 57. Ka3 Rd8 58. Rd1 Kd6 59. Kxa4 Re8
60. Re1 Rb8 61. Rc1 Ke5 62. Rc4 Rb1 63. Ka5 Rb3 64. Rc1 Kxe4 65. Rd1 Rb7 66. d6
Kf3 67. d7 Rxd7 68. Rxd7 Kxg3 69. Rd4 1-0

[Event "Stuttgarter SF 2 - TG Biberach"]
[Site "?"]
[Date "2023.03.05"]
[Round "7.5"]
[White "Birkenmaier, Rainer"]
[Black "Gabriel, Josef"]
[Result "1/2-1/2"]
[WhiteElo "2093"]
[BlackElo "2074"]
[PlyCount "54"]
[EventDate "2023.??.??"]

1. d4 g6 2. Nf3 Bg7 3. c3 Nf6 4. Bg5 d6 5. Nbd2 h6 6. Bxf6 exf6 7. e3 O-O 8.
Bd3 f5 9. O-O Nd7 10. Re1 Nf6 11. e4 fxe4 12. Nxe4 Nxe4 13. Bxe4 d5 14. Bd3 Bg4
15. h3 Bxf3 16. Qxf3 Qd6 17. Re2 Rfe8 18. Rae1 Rxe2 19. Rxe2 Kf8 20. Qe3 c6 21.
g3 Qd7 22. Kg2 Re8 23. Qxe8+ Qxe8 24. Rxe8+ Kxe8 25. f4 Ke7 26. f5 Kf6 27. fxg6
fxg6 1/2-1/2

[Event "Stuttgarter SF 2 - TG Biberach"]
[Site "?"]
[Date "2023.03.05"]
[Round "7.6"]
[White "Aksenov, Pavel"]
[Black "Wunder, Fabian"]
[Result "0-1"]
[WhiteElo "2053"]
[BlackElo "2059"]
[PlyCount "92"]
[EventDate "2023.??.??"]

1. d4 Nf6 2. Nf3 e6 3. g3 b5 4. Bg2 Bb7 5. Bg5 Be7 6. Nbd2 h6 7. Bxf6 Bxf6 8.
c3 O-O 9. e4 d6 10. O-O c5 11. dxc5 dxc5 12. e5 Be7 13. Qe2 Qb6 14. Rfd1 Rd8
15. Ne4 Bd5 16. b3 c4 17. b4 a5 18. a3 Nd7 19. Ned2 Qb7 20. Ne1 Nb6 21. Rac1
axb4 22. axb4 Ra2 23. f3 Na4 24. h4 Ra8 25. Kh2 Nb2 26. Nc2 Nxd1 27. Qxd1 Rb2
28. Rb1 Raa2 29. Rxb2 Rxb2 30. Qc1 Ra2 31. Qb1 Qa8 32. Nf1 Qa4 33. Nd4 Ra1 34.
Qb2 Bd8 35. Qd2 Bb6 36. Kh3 Rd1 37. Qf4 Bxd4 38. cxd4 Qxb4 39. Ne3 Rd3 40. Nxd5
exd5 41. Qf5 Qe7 42. Qc8+ Kh7 43. Kh2 Rxd4 44. f4 Rd2 45. Qc6 b4 46. Kg1 Qa7+
0-1

[Event "Stuttgarter SF 2 - TG Biberach"]
[Site "?"]
[Date "2023.03.05"]
[Round "7.7"]
[White "Engelhart, Achim"]
[Black "Schmid, Hartmut"]
[Result "1-0"]
[WhiteElo "2043"]
[BlackElo "2090"]
[PlyCount "61"]
[EventDate "2023.??.??"]

1. e4 e5 2. Nf3 Nc6 3. Bb5 Bc5 4. O-O Qf6 5. d3 h6 6. Be3 Bb6 7. c4 Nd4 8. Bxd4
exd4 9. e5 Qe6 10. b4 c6 11. Ba4 Ne7 12. Nbd2 O-O 13. Re1 Nf5 14. Ne4 Bd8 15.
c5 b6 16. Bb3 Qg6 17. Bc4 Kh8 18. Nd6 Nxd6 19. exd6 Bf6 20. Ne5 Bxe5 21. Rxe5
bxc5 22. bxc5 a5 23. Qc2 a4 24. Qb2 f6 25. Re7 Qg5 26. Qxd4 Ra5 27. Rae1 Kh7
28. Qe4+ f5 29. Qe5 Rf6 30. f4 Qg6 31. Re8 1-0

[Event "Stuttgarter SF 2 - TG Biberach"]
[Site "?"]
[Date "2023.03.05"]
[Round "7.8"]
[White "Goldinov, Daniel"]
[Black "Sokratov, Stanislav"]
[Result "0-1"]
[WhiteElo "1789"]
[BlackElo "2177"]
[PlyCount "56"]
[EventDate "2023.??.??"]

1. d4 d5 2. Nc3 Nf6 3. Bf4 a6 4. e3 Bf5 5. Nf3 e6 6. Ne5 h6 7. Bd3 Bxd3 8. cxd3
Bd6 9. Bg3 O-O 10. f4 c5 11. dxc5 Bxc5 12. d4 Bb4 13. O-O Bxc3 14. bxc3 Ne4 15.
Qd3 Nc6 16. Be1 Nxe5 17. fxe5 Rc8 18. Rc1 Rc4 19. Rf4 Qc7 20. Rc2 b5 21. a3 Ra4
22. Rxe4 dxe4 23. Qd1 Rxa3 24. c4 Rxe3 25. Qc1 Rd3 26. cxb5 Qb6 27. Bf2 Qxb5
28. h3 Qb3 0-1

[Event "TSV Schönaich 2 - SK Schmiden/Cannstatt"]
[Site "?"]
[Date "2023.03.05"]
[Round "7.1"]
[White "Krockenberger, Martin"]
[Black "Bunzmann, Dimitrij"]
[Result "1/2-1/2"]
[WhiteElo "2193"]
[BlackElo "2449"]
[PlyCount "54"]
[EventDate "2023.??.??"]

1. d4 e6 2. c4 d5 3. Nf3 a6 4. e3 Nf6 5. b3 Bb4+ 6. Bd2 Be7 7. Nc3 dxc4 8. Bxc4
b5 9. Be2 Bb7 10. O-O Nbd7 11. Qc2 c5 12. Rfd1 cxd4 13. Nxd4 Rc8 14. Qb2 O-O
15. Be1 Qc7 16. Rac1 Qb8 17. Bf3 Rfd8 18. Nce2 Bxf3 19. Rxc8 Rxc8 20. Nxf3 Qb7
21. Rc1 Nd5 22. Ned4 Nb4 23. Bxb4 Bxb4 24. Rxc8+ Qxc8 25. Qc2 Qxc2 26. Nxc2 Bc5
27. Kf1 f6 1/2-1/2

[Event "TSV Schönaich 2 - SK Schmiden/Cannstatt"]
[Site "?"]
[Date "2023.03.05"]
[Round "7.2"]
[White "Kocharin, Timur"]
[Black "Schmidt, Tobias"]
[Result "1-0"]
[WhiteElo "2138"]
[BlackElo "2234"]
[PlyCount "89"]
[EventDate "2023.??.??"]

1. d4 d5 2. c4 e6 3. Nc3 Be7 4. cxd5 exd5 5. Bf4 c6 6. e3 Bf5 7. g4 Be6 8. h4
Nd7 9. h5 h6 10. Bd3 Nb6 11. f3 Nc4 12. Bxc4 dxc4 13. Nge2 Qb6 14. Qd2 Rd8 15.
e4 Bb4 16. Rd1 Ne7 17. Ng3 Rd7 18. a3 Ba5 19. Nf5 Bxf5 20. gxf5 c5 21. d5 Qf6
22. Qc2 O-O 23. Kf1 Rfd8 24. d6 Bxc3 25. bxc3 Nc6 26. Rd5 Re8 27. Kg2 Ne5 28.
Rhd1 Nd3 29. R1xd3 cxd3 30. Qxd3 Qh4 31. Bg3 Qg5 32. e5 c4 33. Qe4 Rdd8 34. e6
b5 35. d7 Re7 36. f6 Rxe6 37. Rxg5 Rxe4 38. Rxg7+ Kh8 39. fxe4 Rxd7 40. e5 b4
41. axb4 a5 42. e6 Rd2+ 43. Bf2 fxe6 44. bxa5 e5 45. Re7 1-0

[Event "TSV Schönaich 2 - SK Schmiden/Cannstatt"]
[Site "?"]
[Date "2023.03.05"]
[Round "7.3"]
[White "Trachtmann, Mark"]
[Black "Reck, Moritz"]
[Result "1/2-1/2"]
[WhiteElo "2222"]
[BlackElo "2118"]
[PlyCount "35"]
[EventDate "2023.??.??"]

1. d4 g6 2. c4 Bg7 3. Nc3 d6 4. e4 Nc6 5. Be3 e5 6. d5 Nce7 7. g4 f5 8. gxf5
gxf5 9. Qh5+ Ng6 10. exf5 Qh4 11. Qf3 N6e7 12. Bd3 Nh6 13. f6 Bxf6 14. Ne4 Nhf5
15. Nxf6+ Qxf6 16. Ne2 Rf8 17. Qh5+ Qf7 18. Ng3 1/2-1/2

[Event "TSV Schönaich 2 - SK Schmiden/Cannstatt"]
[Site "?"]
[Date "2023.03.05"]
[Round "7.4"]
[White "Petzold, Tristan"]
[Black "Holzhaeuer, Mathias"]
[Result "1/2-1/2"]
[WhiteElo "2093"]
[BlackElo "2241"]
[PlyCount "95"]
[EventDate "2023.??.??"]

1. d4 Nf6 2. c4 Nc6 3. d5 Ne5 4. Qd4 Ng6 5. Nf3 e6 6. h4 Bb4+ 7. Bd2 Bxd2+ 8.
Qxd2 h5 9. Nc3 Qe7 10. d6 Qxd6 11. Qxd6 cxd6 12. Rd1 Ke7 13. Nd4 Ne8 14. g3 b6
15. Bg2 Rb8 16. O-O Bb7 17. e4 Ne5 18. b3 f6 19. f4 Nf7 20. Rf2 g6 21. Rfd2 a6
22. Nf3 Bc6 23. a4 Nc7 24. e5 Ne8 25. exf6+ Nxf6 26. Ng5 Nxg5 27. fxg5 Ne8 28.
Ne4 b5 29. axb5 axb5 30. Nxd6 Nxd6 31. Bxc6 dxc6 32. Rxd6 Rhd8 33. c5 Rxd6 34.
Rxd6 Ra8 35. Rxc6 Ra3 36. Rc7+ Kd8 37. Rg7 Rxb3 38. Rxg6 Rxg3+ 39. Kf2 Rg4 40.
Rg8+ Ke7 41. g6 Rc4 42. Rc8 Kf6 43. c6 Kxg6 44. c7 Kg7 45. Rb8 Rxc7 46. Rxb5
Kg6 47. Rg5+ Kh6 48. Re5 1/2-1/2

[Event "TSV Schönaich 2 - SK Schmiden/Cannstatt"]
[Site "?"]
[Date "2023.03.05"]
[Round "7.5"]
[White "Loehr, Markus"]
[Black "Stukenbrok, Nils"]
[Result "1-0"]
[WhiteElo "2207"]
[BlackElo "2072"]
[PlyCount "33"]
[EventDate "2023.??.??"]

1. d4 Nf6 2. c4 e6 3. Nf3 d5 4. g3 Be7 5. Bg2 O-O 6. O-O dxc4 7. Qc2 b5 8. a4
b4 9. Bg5 Bb7 10. Bxf6 Bxf6 11. Ng5 Bxg5 12. Bxb7 Nd7 13. Bxa8 Qxa8 14. Qxc4
Qe4 15. Qb5 Qxd4 16. Qxg5 Qxb2 17. Nd2 1-0

[Event "TSV Schönaich 2 - SK Schmiden/Cannstatt"]
[Site "?"]
[Date "2023.03.05"]
[Round "7.6"]
[White "Schnadt, Florian"]
[Black "Thoma, Christian"]
[Result "0-1"]
[WhiteElo "2004"]
[BlackElo "2193"]
[PlyCount "72"]
[EventDate "2023.??.??"]

1. d4 Nf6 2. Nf3 e6 3. Bg5 h6 4. Bh4 b6 5. e3 Bb7 6. c4 Bb4+ 7. Nc3 g5 8. Bg3
Ne4 9. Qc2 Bxc3+ 10. bxc3 d6 11. Nd2 Nxg3 12. hxg3 Nd7 13. g4 Qe7 14. f3 O-O-O
15. O-O-O Nf6 16. Bd3 h5 17. gxh5 Nxh5 18. Rh3 g4 19. fxg4 Nf6 20. g5 Ng4 21.
Rg3 Qxg5 22. Be4 f5 23. Bxb7+ Kxb7 24. Re1 Qh4 25. Nf1 Nf6 26. Qe2 Ne4 27. Rh3
Qg5 28. Qf3 Rxh3 29. gxh3 Qh4 30. Re2 Kb8 31. Kc2 Rg8 32. Kb3 Rg1 33. d5 Nc5+
34. Kc2 Qxc4 35. Kb1 Ne4 36. dxe6 Nxc3+ 0-1

[Event "TSV Schönaich 2 - SK Schmiden/Cannstatt"]
[Site "?"]
[Date "2023.03.05"]
[Round "7.7"]
[White "Eisele, Steffen"]
[Black "Kilinc, Can"]
[Result "1-0"]
[WhiteElo "2223"]
[BlackElo "1931"]
[PlyCount "137"]
[EventDate "2023.??.??"]

1. g3 e5 2. Bg2 Nf6 3. c4 Bc5 4. Nc3 Nc6 5. e3 d6 6. Nge2 a6 7. O-O O-O 8. a3
Ba7 9. b4 Rb8 10. Bb2 Bf5 11. d3 Qd7 12. Nd5 Nxd5 13. cxd5 Ne7 14. Rc1 Rbc8 15.
d4 Ng6 16. Qb3 Bh3 17. dxe5 Nxe5 18. Qc3 Bxg2 19. Kxg2 c6 20. Qd2 Qf5 21. Bxe5
Qxe5 22. dxc6 Rxc6 23. Rxc6 Qe4+ 24. Kg1 Qxc6 25. Rc1 Qd7 26. Nf4 Rc8 27. Rd1
Rd8 28. Nd5 Qa4 29. Qd3 Qd7 30. Rc1 Bb8 31. Rc4 Re8 32. Rh4 f5 33. Rf4 Re5 34.
Rxf5 Rxf5 35. Qxf5 Qxf5 36. Ne7+ Kf7 37. Nxf5 d5 38. Kf1 Kf6 39. Nd4 Bd6 40.
Ke2 a5 41. Nc2 axb4 42. axb4 g5 43. h3 h5 44. Kd3 Ke5 45. b5 Bc5 46. Nd4 Kf6
47. f4 Bd6 48. fxg5+ Kxg5 49. Ne6+ Kh6 50. Nf4 Be5 51. Ke2 Kg5 52. Kf3 Bd6 53.
Nxd5 Bc5 54. Nf4 Bd6 55. h4+ Kh6 56. Ke4 Bc5 57. Nd3 Bb6 58. Ne5 Kg7 59. Kf4
Bc7 60. Kf5 Bb6 61. e4 Bf2 62. Kf4 Kf6 63. Nd3 Bb6 64. e5+ Kg6 65. Ke4 Bc7 66.
Nc5 b6 67. Ne6 Bb8 68. Nf4+ Kh6 69. Kd5 1-0

[Event "TSV Schönaich 2 - SK Schmiden/Cannstatt"]
[Site "?"]
[Date "2023.03.05"]
[Round "7.8"]
[White "Giebler, Kai"]
[Black "Scheeff, Volker"]
[Result "0-1"]
[WhiteElo "1886"]
[BlackElo "2081"]
[PlyCount "130"]
[EventDate "2023.??.??"]

1. e4 e6 2. d4 d5 3. Nc3 Bb4 4. e5 Qd7 5. f4 Nh6 6. Nf3 b6 7. a3 Bxc3+ 8. bxc3
Ba6 9. Bxa6 Nxa6 10. a4 O-O 11. O-O Nb8 12. Qd3 f6 13. Ba3 Re8 14. Nh4 Qxa4 15.
exf6 Qd7 16. Rf3 Qf7 17. fxg7 Nd7 18. Raf1 Nf5 19. Nxf5 exf5 20. Rh3 Kxg7 21.
g4 Re4 22. Qg3 fxg4 23. Qxg4+ Qg6 24. Rg3 Qxg4 25. Rxg4+ Kf7 26. Rg5 Rg8 27.
Rxg8 Kxg8 28. Kg2 Kf7 29. Kf3 Nf6 30. Rg1 a5 31. Bb2 Re6 32. Rg5 Re1 33. Ba3
Ra1 34. Bb2 Ra2 35. Bc1 Rxc2 36. Be3 a4 37. Rg1 Ne4 38. f5 Rxc3 39. Kf4 b5 40.
Bc1 b4 41. Ke5 a3 42. Bh6 a2 43. f6 Nxf6 44. Bd2 Rb3 45. Ra1 Rb2 46. Bxb4 Rxb4
47. Rxa2 Rb6 48. Rc2 Re6+ 49. Kf5 Ne8 50. Rc5 c6 51. Ra5 Nd6+ 52. Kg5 Ne4+ 53.
Kf5 Rf6+ 54. Kg4 Ke6 55. Ra6 Kd6 56. h4 Rg6+ 57. Kf4 h5 58. Ra8 Rg4+ 59. Ke3
Rxh4 60. Rh8 Nf6 61. Rd8+ Ke7 62. Rc8 Re4+ 63. Kd3 h4 64. Rxc6 h3 65. Rc1 h2
0-1

[Event "SK Bebenhausen - SC Böblingen"]
[Site "?"]
[Date "2023.03.05"]
[Round "7.1"]
[White "Ortmann, David"]
[Black "Braun, Georg"]
[Result "1/2-1/2"]
[WhiteElo "2315"]
[BlackElo "2394"]
[PlyCount "29"]
[EventDate "2023.??.??"]

1. Nf3 c5 2. c4 Nc6 3. d4 cxd4 4. Nxd4 Qb6 5. Nb3 Nf6 6. c5 Qd8 7. Nc3 b6 8.
cxb6 Qxb6 9. e4 d6 10. Be2 Bd7 11. O-O e6 12. Bf4 Rd8 13. Qd3 Ne5 14. Qg3 Ng6
15. Be3 1/2-1/2

[Event "SK Bebenhausen - SC Böblingen"]
[Site "?"]
[Date "2023.03.05"]
[Round "7.2"]
[White "Wendler, David"]
[Black "Seitz, Patrick"]
[Result "1/2-1/2"]
[WhiteElo "2244"]
[BlackElo "2224"]
[PlyCount "137"]
[EventDate "2023.??.??"]

1. e4 c5 2. c3 Nf6 3. e5 Nd5 4. d4 cxd4 5. Nf3 e6 6. cxd4 d6 7. Bc4 Be7 8. O-O
O-O 9. Re1 Nc6 10. exd6 Bxd6 11. Nc3 h6 12. Bb3 Nce7 13. Ne5 b6 14. Qg4 Nf6 15.
Qf3 Rb8 16. Qh3 Bxe5 17. dxe5 Nh7 18. Bf4 Nf5 19. Rad1 Qe7 20. Ne4 Bb7 21. Nd6
Nh4 22. Nxb7 Rxb7 23. Bc2 Rc7 24. Qd3 Ng6 25. Bg3 Rfc8 26. Bb3 Nhf8 27. Qe4 Nd7
28. Qg4 Qg5 29. Bxe6 fxe6 30. Qxe6+ Kh7 31. Rxd7 Rc1 32. Kf1 Nf8 33. Qf7 Nxd7
34. Qxd7 Rxe1+ 35. Kxe1 Qc1+ 36. Ke2 Qxb2+ 37. Kf3 Rf8+ 38. Ke3 Qxa2 39. e6 Rf6
40. Qd3+ Rg6 41. Be5 Qxe6 42. f4 Kh8 43. g3 Rf6 44. Qd8+ Kh7 45. Qd3+ Kg8 46.
Qd8+ Rf8 47. Qc7 Rf7 48. Qd8+ Kh7 49. Qd1 Qd7 50. Qe2 b5 51. g4 a5 52. Qa2 a4
53. h4 Re7 54. Qc2+ Kg8 55. g5 hxg5 56. hxg5 Qh3+ 57. Kd4 Rd7+ 58. Kc5 Qd3 59.
Qg2 Qc4+ 60. Kb6 Qd5 61. Qc2 b4 62. Qc8+ Kh7 63. f5 Rd8 64. g6+ Kh6 65. Qc1+
Kh5 66. Qf4 Rd7 67. Qh2+ Kg4 68. Qf4+ Kh5 69. Qh2+ 1/2-1/2

[Event "SK Bebenhausen - SC Böblingen"]
[Site "?"]
[Date "2023.03.05"]
[Round "7.3"]
[White "Mueller, Ralf"]
[Black "Braeuning, Rudolf Wilhelm"]
[Result "1/2-1/2"]
[WhiteElo "2348"]
[BlackElo "2219"]
[PlyCount "83"]
[EventDate "2023.??.??"]

1. d4 Nf6 2. c4 Nc6 3. Nc3 e5 4. d5 Ne7 5. Nf3 Ng6 6. h4 e4 7. h5 exf3 8. hxg6
fxg6 9. exf3 Bb4 10. Bd2 O-O 11. Bd3 Nh5 12. Qb3 Qe7+ 13. Kf1 Bxc3 14. Qxc3 d6
15. Re1 Qf7 16. Qd4 Bf5 17. Bxf5 Qxf5 18. Bc3 Qf7 19. Rh4 b6 20. Rhe4 Rae8 21.
Qe3 Rxe4 22. Qxe4 Nf6 23. Qe7 Qxe7 24. Rxe7 Rf7 25. Re3 Kf8 26. Bd4 a5 27. Ke2
g5 28. b3 h5 29. Kd3 g4 30. Ke2 gxf3+ 31. Rxf3 Ng4 32. Rxf7+ Kxf7 33. f3 Nh6
34. Kd3 Nf5 35. Bf2 g5 36. Ke4 Kf6 37. a3 Kg6 38. b4 axb4 39. axb4 Kf6 40. Be1
Kg6 41. Bf2 Kf6 42. Be1 1/2-1/2

[Event "SK Bebenhausen - SC Böblingen"]
[Site "?"]
[Date "2023.03.05"]
[Round "7.4"]
[White "Frick, Christoph"]
[Black "Tran, Thanh Kien"]
[Result "0-1"]
[WhiteElo "2129"]
[BlackElo "2145"]
[PlyCount "58"]
[EventDate "2023.??.??"]

1. d4 g6 2. Nc3 d5 3. Bf4 Nf6 4. e3 Bg7 5. h4 O-O 6. h5 c5 7. hxg6 hxg6 8. f3
Nc6 9. g4 cxd4 10. exd4 e5 11. dxe5 Re8 12. Qd2 Nxe5 13. O-O-O Qa5 14. Kb1 d4
15. Qxd4 Nexg4 16. fxg4 Ne4 17. Qxg7+ Kxg7 18. Nxe4 Rxe4 19. Bh6+ Kg8 20. Bd3
Bxg4 21. Bxe4 Bxd1 22. Nh3 Re8 23. Ng5 Bg4 24. Nh7 Re6 25. a3 Bf5 26. b4 Qxa3
27. Bxf5 Qxb4+ 28. Kc1 Re1+ 29. Rxe1 Qxe1+ 0-1